[Event "ABAB    III"]
[Site "SchemingMind.com"]
[Date "2018.03.13"]
[Round "-"]
[White "psyberduck"]
[Black "Timaeus"]
[Result "0-1"]
[WhiteCountry "USA"]
[BlackCountry "JPN"]
[WhiteElo "1175"]
[WhiteRD "188"]
[BlackElo "1492"]
[BlackRD "79"]
[GameID "425812"]

1. e4 e5 2. Nf3 Nc6 3. Bb5 Nf6 4. Nc3 Bc5 5. O-O O-O 6. d3 d6 7. Bg5 h6 8. Bxf6 Qxf6 9. Bxc6 bxc6 10. d4 exd4
11. Nxd4 Bxd4
0-1

[Event "ABAB    III"]
[Site "SchemingMind.com"]
[Date "2018.03.13"]
[Round "-"]
[White "psyberduck"]
[Black "JAHI"]
[Result "0-1"]
[WhiteCountry "USA"]
[BlackCountry "INT"]
[WhiteElo "1175"]
[WhiteRD "188"]
[BlackElo "2126"]
[BlackRD "72"]
[GameID "425817"]

1. e4 d6 2. Nf3 d5 3. Nc3 dxe4 4. Nxe4 Nf6 5. Nxf6+ gxf6 6. Bc4 Rg8 7. d4 Rxg2 8. Qe2 Qd6 9. Bd2 Nc6 10. O-O-O Be6
11. Bxe6 Qxe6 12. Qxe6 fxe6
0-1

[Event "ABAB    III"]
[Site "SchemingMind.com"]
[Date "2018.03.13"]
[Round "-"]
[White "psyberduck"]
[Black "Keithk"]
[Result "0-1"]
[WhiteCountry "USA"]
[BlackCountry "ENG"]
[WhiteElo "1175"]
[WhiteRD "188"]
[BlackElo "2468"]
[BlackRD "60"]
[GameID "425819"]

1. e4 e5 2. Nf3 Nc6 3. Bb5 a6 4. Bxc6 dxc6 5. O-O f6 6. Nc3 c5 7. d3 Ne7 8. Be3 Nc6 9. Nd5 Be6 10. c4 Bd6
11. d4 cxd4 12. Bxd4 Nxd4
0-1

[Event "ABAB    III"]
[Site "SchemingMind.com"]
[Date "2018.03.13"]
[Round "-"]
[White "Don71"]
[Black "Andoni Zabala"]
[Result "1-0"]
[WhiteCountry "NIR"]
[BlackCountry "INT"]
[WhiteElo "2378"]
[WhiteRD "99"]
[BlackElo "1804"]
[BlackRD "101"]
[GameID "425820"]

1. e4 c5 2. Nf3 d6 3. Nc3 Nf6 4. d4 cxd4 5. Nxd4 g6 6. Be2 Bg7 7. O-O O-O 8. Be3 Nc6 9. Re1 a6 10. Qd2 Ng4
11. Bxg4 Bxg4 12. h3 Bd7 13. Nxc6 Bxc6 14. Rad1 b5 15. Bd4 Bf6 16. Bxf6 exf6 17. Qxd6 Qc8 18. Qxf6 b4 19. Nd5 Bxd5 20. exd5 a5
21. c3 Ra6 22. d6 bxc3 23. bxc3 Rd8 24. c4 Rc6 25. Rd5 a4 26. Re7 Rf8 27. Qe5
1-0

[Event "ABAB    III"]
[Site "SchemingMind.com"]
[Date "2018.03.13"]
[Round "-"]
[White "grabapawn"]
[Black "Don71"]
[Result "0-1"]
[WhiteCountry "USA"]
[BlackCountry "NIR"]
[WhiteElo "1512"]
[WhiteRD "62"]
[BlackElo "2327"]
[BlackRD "105"]
[GameID "425821"]

1. d4 Nf6 2. Bf4 c5 3. e3 Qb6 4. Nd2 cxd4 5. Nc4 Qb4+ 6. c3 dxc3 7. b3 d5 8. Qc2 dxc4 9. Bxc4 Nbd7 10. Nf3 Qa5
11. O-O e5 12. Bg3 Ba3 13. Rad1 O-O 14. Bh4 h6 15. h3 b5 16. Bd5 Nxd5 17. Rxd5 f6 18. Rb1 Nc5 19. Ne1 Bb7 20. Rdd1 Be4
21. Nd3 Bxd3 22. Rxd3 Nxd3 23. Qxd3 Rad8 24. Qe4 Qc7 25. f4 c2
0-1

[Event "ABAB    III"]
[Site "SchemingMind.com"]
[Date "2018.03.14"]
[Round "-"]
[White "Timaeus"]
[Black "Don71"]
[Result "0-1"]
[WhiteCountry "JPN"]
[BlackCountry "NIR"]
[WhiteElo "1482"]
[WhiteRD "74"]
[BlackElo "2307"]
[BlackRD "107"]
[GameID "425823"]

1. d4 Nf6 2. Bf4 c5 3. dxc5 Nc6 4. a3 e5 5. Bg3 Bxc5 6. Nc3 d5 7. e3 O-O 8. Bb5 d4 9. exd4 exd4 10. Bxc6 bxc6
11. Na4 Re8+ 12. Ne2 Ba6 13. Nxc5 Bxe2 14. Qd2 Qd5 15. Nd3 Qxg2 16. Qxe2 Qxh1+
0-1

[Event "ABAB    III"]
[Site "SchemingMind.com"]
[Date "2018.03.18"]
[Round "-"]
[White "Olli Ylönen"]
[Black "Don71"]
[Result "0-1"]
[WhiteCountry "FIN"]
[BlackCountry "NIR"]
[WhiteElo "1884"]
[WhiteRD "89"]
[BlackElo "2357"]
[BlackRD "102"]
[GameID "425824"]

1. d4 Nf6 2. c4 e6 3. Nc3 Bb4 4. Qc2 O-O 5. a3 Bxc3+ 6. Qxc3 b6 7. Bg5 Bb7 8. f3 h6 9. Bh4 d5 10. e3 Nc6
11. cxd5 Nxd5 12. Bxd8 Nxc3 13. Bh4 Nd5 14. Bf2 e5 15. dxe5 Nxe5 16. O-O-O Rfd8 17. e4 Nf4 18. Ne2 Nfd3+
0-1

[Event "ABAB    III"]
[Site "SchemingMind.com"]
[Date "2018.03.13"]
[Round "-"]
[White "Don71"]
[Black "David Perna-Fraser"]
[Result "1-0"]
[WhiteCountry "NIR"]
[BlackCountry "CAN"]
[WhiteElo "2382"]
[WhiteRD "94"]
[BlackElo "2150"]
[BlackRD "79"]
[GameID "425825"]

1. e4 c5 2. Nf3 Nc6 3. Nc3 g6 4. d4 cxd4 5. Nxd4 Bg7 6. Be3 Nf6 7. Nxc6 bxc6 8. e5 Ng8 9. f4 f6 10. e6 d5
11. f5 Qd6 12. Qd2 gxf5 13. Qf2 Qxe6 14. Be2 Nh6 15. h3 Nf7 16. Bc5 Nd6 17. O-O O-O 18. Bxa7 Ne4 19. Nxe4 fxe4 20. Bd4 Qd7
21. a4 e5 22. Bc5 Rd8 23. Qh4 Ba6 24. Bxa6 Rxa6 25. b4 Rda8 26. Rxf6 Bxf6 27. Qxf6 Qf7 28. Qxe5 Re8 29. Qc3 Qf4 30. Rf1 Qg5
31. a5 e3 32. Rf3 e2 33. Qe1 Qc1 34. Qxc1 e1=Q+ 35. Qxe1 Rxe1+ 36. Kf2 Rc1 37. Rc3 Kf7 38. Ke2 Kg6 39. Bb6 Rb1 40. Rxc6+ Kf5
41. g4+
1-0

[Event "ABAB    III"]
[Site "SchemingMind.com"]
[Date "2018.03.13"]
[Round "-"]
[White "Don71"]
[Black "Helga1946"]
[Result "1-0"]
[WhiteCountry "NIR"]
[BlackCountry "GER"]
[WhiteElo "2357"]
[WhiteRD "104"]
[BlackElo "2070"]
[BlackRD "51"]
[GameID "425826"]

1. e4 e5 2. Nf3 Nc6 3. Nc3 Bc5 4. Nxe5 Bxf2+ 5. Kxf2 Nxe5 6. d4 Nc6 7. Bf4 Nge7 8. Bc4 d6 9. Rf1 O-O 10. Kg1 Kh8
11. Qd2 Ng6 12. Bg5 f6 13. Be3 a6 14. a3 Bg4 15. h3 Bd7 16. Rae1 Be8 17. Be2 Nce7 18. Bf2 Ng8 19. h4 Bf7 20. h5 N6e7
21. Qd3 Qe8 22. Qh3 Nh6= 23. Be3 Neg8 24. Qh4 Qe7 25. Bd2
1-0

[Event "ABAB    III"]
[Site "SchemingMind.com"]
[Date "2018.03.14"]
[Round "-"]
[White "JAHI"]
[Black "Don71"]
[Result "0-1"]
[WhiteCountry "INT"]
[BlackCountry "NIR"]
[WhiteElo "2122"]
[WhiteRD "74"]
[BlackElo "2382"]
[BlackRD "94"]
[GameID "425827"]

1. d3 Nc6 2. g3 d5 3. Bg2 e5 4. c3 Nf6 5. c4 dxc4 6. Bxc6+ bxc6 7. dxc4 Qxd1+ 8. Kxd1 Bc5 9. Ke1 O-O 10. Nd2 a5
11. h3 a4 12. g4 Bb4 13. Nf3 Re8 14. Kf1 Ba6 15. Rg1 Rad8 16. a3 Bf8 17. Ne1 Nd7 18. Nc2 Nb6 19. Nb4 Bb7 20. f3 Bc5
21. Rh1 Bd4 22. c5 Nd7 23. Nc4 Ra8 24. Be3 Nxc5 25. Bxd4 exd4 26. Rc1 Nb3 27. Rc2 d3 28. Nxd3 Ba6 29. Kf2 Nd4 30. Rhc1 Nxc2
31. Rxc2 Rad8 32. Nc5 Bxc4 33. Rxc4 Rd2 34. Ne4 Rxb2 35. Rxa4 Kf8 36. Ra6 Rc2 37. Ra7 Rc8 38. a4 Ke7 39. Ke3 Kd7 40. Kd3 Ra2
41. Nc5+ Kd8 42. h4 Rb8 43. Nb7+ Ke7 44. g5 Ra1 45. a5 Ra3+ 46. Kc2 Ra4 47. Kd3 Rxh4 48. Nc5 Rh1 49. Ke3 Ra1 50. a6 Kd6
51. Ne4+ Kd7 52. Nc5+ Kc8 53. Nb7 Rd1 54. f4 Rd5 55. Kf3 Kd7 56. e3 Rb5 57. Ke4 Re8+ 58. Kd4 Rd5+ 59. Kc3 Rxe3+ 60. Kc4 Re4+
61. Kb3 Rxf4 62. Ra8 Rf3+ 63. Kc4 Rxg5 64. Rd8+ Ke7 65. Rd4 Rf1 66. Re4+ Kf6 67. Rd4 h5 68. Rd7 h4 69. a7 Rf4+ 70. Kd3 Rf3+
71. Kc4 Rg4+ 72. Rd4 Rxd4+ 73. Kxd4 Ra3 74. Nc5 Rxa7 75. Nd7+ Kf5 76. Ke3 h3 77. Kf2 h2 78. Kg2 Ra2+ 79. Kh1 Kg4 80. Nc5 Kh3
81. Nb3 Rg2 82. Nd4 Rg1#
0-1

[Event "ABAB    III"]
[Site "SchemingMind.com"]
[Date "2018.03.14"]
[Round "-"]
[White "Keithk"]
[Black "Don71"]
[Result "1-0"]
[WhiteCountry "ENG"]
[BlackCountry "NIR"]
[WhiteElo "2539"]
[WhiteRD "60"]
[BlackElo "2357"]
[BlackRD "102"]
[GameID "425829"]

1. e4 c5 2. Nf3 Nc6 3. d4 cxd4 4. Nxd4 e5 5. Nb5 d6 6. N1c3 a6 7. Na3 Nf6 8. Bg5 Be7 9. Nc4 O-O 10. Bxf6 Bxf6
11. Qxd6 Bg5 12. Qxd8 Rxd8 13. Nd5 Be6 14. h4 Bh6 15. Ncb6 Bxd5 16. exd5 Nb4 17. Rb1 Rab8 18. c4 e4 19. Rd1 Bf4 20. a3 Nc2+
21. Ke2 Bc7 22. c5 Bxb6 23. cxb6 Rd6 24. Rd2 Rc8 25. Rh3 Na1 26. Kd1 Rxb6 27. b4 Rd6 28. a4 Rcd8 29. Ra2 Rxd5+ 30. Ke2 Rd1
31. Rha3 Rb1 32. Rxa1 Rxb4 33. Rc3 f5 34. Rc7 f4 35. Ke1 Rdd4 36. a5 f3 37. g3 h6 38. Rac1 Kf8 39. h5 Rd5 40. Bc4 Rd4
41. Bf7
1-0

[Event "ABAB    III"]
[Site "SchemingMind.com"]
[Date "2018.03.23"]
[Round "-"]
[White "Don71"]
[Black "flyinduck"]
[Result "1-0"]
[WhiteCountry "NIR"]
[BlackCountry "CAN"]
[WhiteElo "2378"]
[WhiteRD "99"]
[BlackElo "2084"]
[BlackRD "62"]
[GameID "426070"]

1. e4 d6 2. Nc3 Nf6 3. d4 g6 4. Nf3 Bg7 5. Be2 O-O 6. O-O c6 7. Bf4 Nbd7 8. Qd2 Qc7 9. e5 Nh5 10. exd6 exd6
11. Bh6 Re8 12. Bxg7 Kxg7 13. Rfe1 f5 14. Bd3 Ndf6 15. Rxe8 Nxe8 16. Re1 Nef6 17. d5 c5 18. Ng5 a6 19. Be2 h6 20. Ne6+ Bxe6
21. dxe6 Re8 22. Bxh5 Nxh5 23. Nd5 Qc6 24. Qc3+ Kg8 25. Nf6+
1-0

[Event "ABAB    III"]
[Site "SchemingMind.com"]
[Date "2018.03.26"]
[Round "-"]
[White "flyinduck"]
[Black "Olli Ylönen"]
[Result "1-0"]
[WhiteCountry "CAN"]
[BlackCountry "FIN"]
[WhiteElo "1993"]
[WhiteRD "51"]
[BlackElo "1870"]
[BlackRD "97"]
[GameID "426071"]

1. d4 c6 2. c4 d5 3. Nf3 Nf6 4. Nc3 e6 5. Bg5 Nbd7 6. e3 Be7 7. Rc1 O-O 8. Bd3 dxc4 9. Bxc4 Nd5 10. Bxe7 Qxe7
11. O-O Nxc3 12. Rxc3 e5 13. dxe5 Nxe5 14. Nxe5 Qxe5 15. f4 Qe4 16. Qe2 Bf5 17. Bd3 Qd5 18. e4 Qd4+ 19. Qf2 Qxf2+ 20. Kxf2 Bd7
21. Rd1 Rad8 22. Ra3 a6 23. Bc4 Bg4 24. Rxd8 Rxd8 25. Rd3 Rxd3 26. Bxd3 f6 27. b4 Bh5 28. Ke3 Kf8 29. Kd4 Ke7 30. Kc5 Kd7
31. Kb6 Kc8 32. e5 Bf7 33. Bxh7 fxe5 34. Bf5+ Kd8 35. a4 exf4 36. Kxb7 Bd5 37. Kxa6 Bxg2 38. Kb6 f3 39. Be4 g5 40. a5 g4
41. a6 Bf1 42. a7
1-0

[Event "ABAB    III"]
[Site "SchemingMind.com"]
[Date "2018.03.26"]
[Round "-"]
[White "flyinduck"]
[Black "Andoni Zabala"]
[Result "1-0"]
[WhiteCountry "CAN"]
[BlackCountry "INT"]
[WhiteElo "2084"]
[WhiteRD "62"]
[BlackElo "1804"]
[BlackRD "101"]
[GameID "426073"]

1. f4 d5 2. Nf3 Nf6 3. g3 Nc6 4. Bg2 Bg4 5. O-O Qd7 6. d3 O-O-O 7. a3 h5 8. b4 a6 9. a4 Nxb4 10. Ne5 Qe8
11. c4 dxc4 12. Nxc4 Nxd3 13. Qb3 Nc5 14. Qe3 e6 15. Nc3 Nd5 16. Nxd5 exd5 17. Ne5 Ne6 18. Ba3 d4 19. Qe4 c6 20. Rfc1 Nc7
21. Bxf8 Rxf8 22. Nxg4 Qxe4 23. Bxe4 f5 24. Bxc6 hxg4 25. Bg2 Kb8 26. Rab1 b5 27. axb5 Nxb5 28. Bc6 Rf7 29. Bxb5 axb5 30. Rxb5+ Rb7
31. Rxf5 Rb2 32. Re5 d3 33. Rd1 Kc7 34. Rxd3 Rxd3 35. exd3 Rd2 36. Rg5 Rxd3 37. Rxg7+
1-0

[Event "ABAB    III"]
[Site "SchemingMind.com"]
[Date "2018.03.23"]
[Round "-"]
[White "grabapawn"]
[Black "flyinduck"]
[Result "0-1"]
[WhiteCountry "USA"]
[BlackCountry "CAN"]
[WhiteElo "1533"]
[WhiteRD "66"]
[BlackElo "2086"]
[BlackRD "62"]
[GameID "426074"]

1. d4 Nf6 2. Bf4 e6 3. Nf3 c5 4. e3 Nc6 5. c3 d5 6. Bd3 Bd6 7. Bg3 Qe7 8. Nbd2 O-O 9. Ne5 cxd4 10. exd4 Bxe5
11. dxe5 Nd7 12. Nf3 f6 13. Nh4 Ndxe5 14. Qh5 Nxd3+ 15. Ke2 Nxb2 16. Rhe1 b6 17. Kf1 Ba6+ 18. Kg1 Qf7 19. Qg4 Rfe8 20. Rab1 Nd3
21. Re3 Rac8 22. Qa4 Bc4 23. Nf3 Nc5 24. Qc2 e5 25. Rxb6 axb6
0-1

[Event "ABAB    III"]
[Site "SchemingMind.com"]
[Date "2018.03.23"]
[Round "-"]
[White "Timaeus"]
[Black "flyinduck"]
[Result "0-1"]
[WhiteCountry "JPN"]
[BlackCountry "CAN"]
[WhiteElo "1537"]
[WhiteRD "81"]
[BlackElo "2108"]
[BlackRD "61"]
[GameID "426076"]

1. d4 Nf6 2. Bf4 e6 3. e3 c5 4. dxc5 Bxc5 5. Nf3 d5 6. Bd3 Nc6 7. Bb5 Qa5+ 8. Nc3 Ne4 9. Bd3 Nxc3 10. bxc3 Qxc3+
11. Nd2 O-O 12. O-O e5 13. Bg3 f5 14. Qe2 a6 15. Nb3 e4 16. Nxc5 Qxc5 17. Rac1 exd3 18. cxd3 Qe7 19. d4 f4 20. Bxf4 Rxf4
21. h3 Rf7 22. Rc5 Nxd4 23. Rxc8+ Rxc8 24. Qg4 Ne6 25. Rd1 Rd8 26. f4 Nc5 27. f5 Qxe3+ 28. Kh2 Qe5+ 29. Kh1 Qxf5 30. Qh4 Qf6
31. Qe1 Ne4
0-1

[Event "ABAB    III"]
[Site "SchemingMind.com"]
[Date "2018.03.23"]
[Round "-"]
[White "flyinduck"]
[Black "David Perna-Fraser"]
[Result "0-1"]
[WhiteCountry "CAN"]
[BlackCountry "CAN"]
[WhiteElo "2024"]
[WhiteRD "53"]
[BlackElo "2206"]
[BlackRD "74"]
[GameID "426077"]

1. f4 e5 2. fxe5 d6 3. exd6 Bxd6 4. Nf3 g5 5. g3 g4 6. Nh4 Ne7 7. d4 Ng6 8. Nxg6 hxg6 9. Qd3 Nc6 10. c3 Bf5
11. e4 Qe7 12. Bg2 O-O-O 13. Be3 Bd7 14. Bf4 Bxf4 15. gxf4 g5 16. fxg5 Qxg5 17. Nd2 f5 18. O-O-O f4 19. Rdg1 Qh6 20. h3 Ne5
21. dxe5 Ba4 22. hxg4 Rxd3 23. Rxh6 Rxh6 24. g5 Rg6 25. Bf3 Re3 26. b3 Rxc3+ 27. Kb2 Rd3 28. Kc2 Bb5 29. a4 Rc6+ 30. Kd1 Ba6
31. g6 Rdc3 32. Nc4 Rxb3 33. Nd2 Ra3
0-1

[Event "ABAB    III"]
[Site "SchemingMind.com"]
[Date "2018.03.25"]
[Round "-"]
[White "flyinduck"]
[Black "Helga1946"]
[Result "1/2-1/2"]
[WhiteCountry "CAN"]
[BlackCountry "GER"]
[WhiteElo "2086"]
[WhiteRD "62"]
[BlackElo "2070"]
[BlackRD "51"]
[GameID "426078"]

1. f4 Nc6 2. Nf3 d5 3. g3 Bg4 4. Bg2 Bxf3 5. Bxf3 Qd7 6. e3 e5 7. fxe5 Nxe5 8. Bg2 h5 9. d4 Nc6 10. Nc3 Nf6
11. Bd2 O-O-O=
1/2-1/2

[Event "ABAB    III"]
[Site "SchemingMind.com"]
[Date "2018.03.23"]
[Round "-"]
[White "Keithk"]
[Black "flyinduck"]
[Result "1-0"]
[WhiteCountry "ENG"]
[BlackCountry "CAN"]
[WhiteElo "2495"]
[WhiteRD "61"]
[BlackElo "2086"]
[BlackRD "62"]
[GameID "426080"]

1. e4 d6 2. d4 Nf6 3. Nc3 g6 4. f4 Bg7 5. Nf3 c5 6. Bb5+ Bd7 7. e5 Ng4 8. Bxd7+ Qxd7 9. h3 cxd4 10. Qxd4 Nc6
11. Qa4 Nh6 12. Bd2 O-O 13. O-O-O a6 14. Be3 b5 15. Qe4 Qb7 16. g4 Rab8 17. exd6 exd6 18. Qd5 Rfd8 19. f5 Nb4 20. Qxb7 Rxb7
21. f6
1-0

[Event "ABAB    III"]
[Site "SchemingMind.com"]
[Date "2018.03.23"]
[Round "-"]
[White "flyinduck"]
[Black "JAHI"]
[Result "1-0"]
[WhiteCountry "CAN"]
[BlackCountry "INT"]
[WhiteElo "1993"]
[WhiteRD "51"]
[BlackElo "2079"]
[BlackRD "74"]
[GameID "426081"]

1. d4 c6 2. c4 c5 3. d5 e6 4. Nc3 exd5 5. cxd5 d6 6. e4 Nf6 7. f4 Bg4 8. Qb3 Na6 9. Bb5+ Bd7 10. Nf3 Qb6
11. e5 Bxb5 12. Nxb5 Nxd5 13. Qxd5 Qxb5 14. Ng5 Qd7 15. Bd2 f6 16. exf6 gxf6 17. O-O Nc7 18. Rae1+ Kd8 19. Qxb7 fxg5 20. fxg5 Qb5
21. Qxb5 Nxb5 22. Rf7 Rb8 23. g6 Bh6 24. Bxh6 hxg6 25. Bg5+ Kc8 26. Ree7 Rb6 27. b3 Rc6 28. h4 Rc7 29. Rxc7+ Nxc7 30. Rf6 Kd7
31. Rxg6 Ne6 32. Rh6 Rg8 33. Rh7+ Kc6 34. Be3 Nd4 35. Kh2 Re8 36. Bg5 a6 37. h5 Re5 38. Bf6 Rf5 39. Bh4 Re5 40. Kh3 Nf5
41. h6 Re2 42. Bg5 Nxh6 43. Rxh6 Rxa2 44. Bf4 Kd5 45. Rxd6+ Ke4 46. Kg3 Ra1 47. Re6+ Kd5 48. Re3 a5 49. Be5 Ra3 50. Kf4 Ra2
51. g4 Rf2+ 52. Kg3 Rf7 53. Bc3 Rb7 54. Bxa5 Kd4 55. Rf3 Rb5 56. Bd8 Rb8 57. Bf6+ Kd5 58. g5 Ke6 59. g6 Rg8 60. g7 Kf7
61. Bb2+ Ke7 62. Kg4 Ke8 63. Kg5 Ke7 64. Kg6 Rb8 65. Kh7 c4 66. g8=Q Rxg8 67. Kxg8 cxb3 68. Rf6 Kd7 69. Kf7 Kc7 70. Re6 Kb7
71. Rd6 Kc7 72. Ke6 Kb7 73. Kd5 Kc7 74. Kc5 Kb7 75. Rc6 Ka7 76. Rb6 Ka8 77. Kc6 Ka7 78. Kc7 Ka8 79. Ra6#
1-0

[Event "ABAB    III"]
[Site "SchemingMind.com"]
[Date "2018.03.26"]
[Round "-"]
[White "Krolewna"]
[Black "Andoni Zabala"]
[Result "1-0"]
[WhiteCountry "POL"]
[BlackCountry "INT"]
[WhiteElo "2019"]
[WhiteRD "68"]
[BlackElo "1815"]
[BlackRD "98"]
[GameID "426273"]

1. b4 e5 2. Bb2 f6 3. e4 Bxb4 4. Bc4 Ne7 5. Qh5+ Ng6 6. f4 exf4 7. a3 Qe7 8. axb4 Qxe4+ 9. Qe2 Qxe2+ 10. Nxe2 c6
11. O-O d5 12. Ba2 Na6 13. Nxf4 Nxb4 14. Nxg6 hxg6 15. Bb3 Bf5 16. Re1+ Kf7 17. d3 a5 18. Ba3 c5 19. Bxb4 c4 20. Re7+ Kg8
21. dxc4 dxc4 22. Rxa5 Kh7 23. Bxc4 Rxa5 24. Bxa5 Ra8 25. Bc3 Bxc2 26. Bxf6 Bxb1 27. Rxg7+ Kh6 28. Rxb7 Be4 29. Bg7+ Kg5 30. Rb5+
1-0

[Event "ABAB    III"]
[Site "SchemingMind.com"]
[Date "2018.03.26"]
[Round "-"]
[White "grabapawn"]
[Black "Krolewna"]
[Result "0-1"]
[WhiteCountry "USA"]
[BlackCountry "POL"]
[WhiteElo "1528"]
[WhiteRD "56"]
[BlackElo "2035"]
[BlackRD "65"]
[GameID "426274"]

1. d4 b5 2. Bf4 Bb7 3. e3 a6 4. Nd2 e6 5. Ngf3 Be7 6. Bd3 Nf6 7. c3 O-O 8. h4 Nc6 9. h5 h6 10. Ne5 d6
11. Ng4 e5 12. Nxh6+ gxh6 13. Qf3 Nb4 14. Bxh6 Nxd3+
0-1

[Event "ABAB    III"]
[Site "SchemingMind.com"]
[Date "2018.03.25"]
[Round "-"]
[White "Krolewna"]
[Black "Don71"]
[Result "0-1"]
[WhiteCountry "POL"]
[BlackCountry "NIR"]
[WhiteElo "2064"]
[WhiteRD "64"]
[BlackElo "2327"]
[BlackRD "105"]
[GameID "426275"]

1. b4 e5 2. Bb2 Bxb4 3. Bxe5 Nf6 4. c4 Nc6 5. Bb2 d5 6. cxd5 Qxd5 7. a3 Ba5 8. e3 Bg4 9. Nf3 Bxf3 10. gxf3 Ne5
11. Be2 O-O-O 12. O-O Nd3 13. Qc2 Qg5+ 14. Kh1 Qf5 15. Qb3 Qh3 16. Nc3 c6
0-1

[Event "ABAB    III"]
[Site "SchemingMind.com"]
[Date "2018.03.26"]
[Round "-"]
[White "Timaeus"]
[Black "Krolewna"]
[Result "0-1"]
[WhiteCountry "JPN"]
[BlackCountry "POL"]
[WhiteElo "1492"]
[WhiteRD "79"]
[BlackElo "2064"]
[BlackRD "64"]
[GameID "426277"]

1. d4 b5 2. Nf3 Bb7 3. Bf4 e6 4. e3 a6 5. Bd3 Nf6 6. O-O Be7 7. Nc3 O-O 8. a3 Nh5 9. Bg3 Nxg3 10. fxg3 c5
11. b3 d5 12. Qd2 Qc7 13. Ne5 c4 14. bxc4 dxc4 15. Be2 Nc6 16. Bf3 Nxe5 17. dxe5 Bxf3 18. Rxf3 Rad8 19. Qf2 Qxe5 20. Qe1 Bf6
21. e4 g5 22. Qf1 Kg7 23. g4 Rd2 24. Rf2 Rxf2 25. Qxf2 Qxc3 26. Ra2 Bd4
0-1

[Event "ABAB    III"]
[Site "SchemingMind.com"]
[Date "2018.03.28"]
[Round "-"]
[White "Olli Ylönen"]
[Black "Krolewna"]
[Result "1-0"]
[WhiteCountry "FIN"]
[BlackCountry "POL"]
[WhiteElo "1901"]
[WhiteRD "90"]
[BlackElo "1890"]
[BlackRD "63"]
[GameID "426278"]

1. d4 b5 2. e4 Bb7 3. Bd3 Nf6 4. Nd2 c5 5. c3 e6 6. Ngf3 c4 7. Bc2 d5 8. e5 Nfd7 9. Nf1 Be7 10. h4 Nc6
11. h5 h6 12. Ne3 b4 13. Bd2 a5 14. g4 Qb6 15. Ng1 bxc3 16. bxc3 Ncxe5 17. dxe5 d4 18. Nxc4
1-0

[Event "ABAB    III"]
[Site "SchemingMind.com"]
[Date "2018.03.25"]
[Round "-"]
[White "Krolewna"]
[Black "David Perna-Fraser"]
[Result "0-1"]
[WhiteCountry "POL"]
[BlackCountry "CAN"]
[WhiteElo "1890"]
[WhiteRD "63"]
[BlackElo "2204"]
[BlackRD "72"]
[GameID "426280"]

1. b4 a5 2. b5 c6 3. c4 cxb5 4. cxb5 d5 5. Bb2 Nf6 6. e3 Bf5 7. Be2 a4 8. Nf3 e6 9. O-O Nbd7 10. Bd4 Bd6
11. Nh4 Bg6 12. Nxg6 hxg6 13. h3 g5 14. Bc3 Rh4 15. d3 g4 16. Nd2 gxh3
0-1

[Event "ABAB    III"]
[Site "SchemingMind.com"]
[Date "2018.03.25"]
[Round "-"]
[White "Krolewna"]
[Black "Helga1946"]
[Result "1/2-1/2"]
[WhiteCountry "POL"]
[BlackCountry "GER"]
[WhiteElo "2093"]
[WhiteRD "68"]
[BlackElo "2070"]
[BlackRD "51"]
[GameID "426281"]

1. b4 d5 2. Bb2 Qd6 3. a3 Bf5 4. e3 Nd7 5. f4 e6 6. Nf3 Bg4 7. c4 c6 8. cxd5 exd5 9. Be2 h5 10. O-O Ngf6
11. d3 a5 12. Nbd2 Qc7 13. h3 Bxf3 14. Nxf3 Be7 15. Ne1 O-O 16. Rb1 axb4 17. axb4 h4 18. Nc2 Rfe8 19. Qe1 Ra2 20. Qxh4 d4=
1/2-1/2

[Event "ABAB    III"]
[Site "SchemingMind.com"]
[Date "2018.03.30"]
[Round "-"]
[White "Krolewna"]
[Black "flyinduck"]
[Result "0-1"]
[WhiteCountry "POL"]
[BlackCountry "CAN"]
[WhiteElo "1890"]
[WhiteRD "63"]
[BlackElo "2084"]
[BlackRD "62"]
[GameID "426282"]

1. b4 e5 2. Bb2 Bxb4 3. Bxe5 Nf6 4. c4 O-O 5. e3 Nc6 6. Bb2 Re8 7. Nf3 d5 8. Be2 Be6 9. cxd5 Nxd5 10. O-O a6
11. Qc2 Bf8 12. Nc3 h6 13. d4 Qd7 14. e4 Nxc3
0-1

[Event "ABAB    III"]
[Site "SchemingMind.com"]
[Date "2018.03.25"]
[Round "-"]
[White "JAHI"]
[Black "Krolewna"]
[Result "0-1"]
[WhiteCountry "INT"]
[BlackCountry "POL"]
[WhiteElo "2126"]
[WhiteRD "72"]
[BlackElo "2064"]
[BlackRD "64"]
[GameID "426283"]

1. h3 b5 2. a3 Bb7 3. a4 b4 4. c3 a5 5. cxb4 axb4 6. Nf3 c5 7. e3 f5 8. Be2 g6 9. d3 Bg7 10. Nbd2 e6
11. Qc2 d6 12. d4 Nf6 13. Bb5+ Bc6 14. Bxc6+ Nxc6 15. dxc5 O-O 16. Qb3 Re8 17. cxd6 Qxd6 18. Nc4 Qb8 19. Nd4 Nxd4 20. exd4 Ne4
21. Nd2 Bxd4 22. Nxe4 fxe4 23. Be3 Bxe3 24. Qxe3 Qe5 25. Qb3 e3 26. Qxe3 Qxb2 27. Rd1 Qa3 28. Qe5 Qxa4 29. Rb1 b3 30. h4 Qc4
31. h5 Qd3 32. Rd1 Qf5 33. Qe3 Red8 34. Rxd8+ Rxd8 35. f3 b2 36. Kf2 Qc2+ 37. Kg3 Re8 38. Qe4 Qxe4 39. fxe4 gxh5 40. Rb1 Rb8
41. Kf4 Rb5 42. Ke3 h4 43. Kd3 e5 44. Kc4 Rb8 45. Kc3 Kg7 46. Rxb2 Rxb2 47. Kxb2 Kg6 48. Kc3 Kg5 49. Kc4 Kg4 50. Kd5 Kg3
51. Kxe5 Kxg2 52. Kd6 h3 53. e5 h2 54. e6 h1=Q 55. e7 Qe1 56. Kd7 h5 57. Kd8 h4 58. Kd7 h3 59. Kd8 h2 60. e8=Q Qxe8+
61. Kxe8 h1=Q 62. Kd7 Qe1 63. Kd6 Qc3 64. Ke6 Qc6+ 65. Ke5 Qd7 66. Ke4 Kf2 67. Ke5 Ke3 68. Kf6 Kf4 69. Kg6 Qf5+ 70. Kg7 Kg5
71. Kg8 Kh6 72. Kh8 Qc8#
0-1

[Event "ABAB    III"]
[Site "SchemingMind.com"]
[Date "2018.03.25"]
[Round "-"]
[White "Keithk"]
[Black "Krolewna"]
[Result "1-0"]
[WhiteCountry "ENG"]
[BlackCountry "POL"]
[WhiteElo "2405"]
[WhiteRD "65"]
[BlackElo "2035"]
[BlackRD "65"]
[GameID "426285"]

1. e4 c5 2. Nf3 d6 3. d4 cxd4 4. Nxd4 Nf6 5. Nc3 a6 6. Bd3 g6 7. O-O Bg7 8. Be2 Nbd7 9. Be3 O-O 10. a4 d5
11. Nxd5 Nxe4 12. a5 e6 13. Nb4 Ndf6 14. Re1 Re8 15. f3 Nc5 16. c3 Bf8 17. Bg5 e5 18. Ndc2 Be7 19. Qxd8 Bxd8 20. Red1 Kg7
21. Bxf6+ Bxf6 22. Nd5 Bd8 23. b4 Ne6 24. g3 Rb8 25. Nb6 h5 26. Kf2 h4 27. Ne3 Ng5 28. Nd7 Ra8 29. Ra2 f5 30. Nc4 hxg3+
31. hxg3 e4 32. Rad2 e3+ 33. Nxe3 Nh3+ 34. Kg2 Rxe3 35. Kxh3 Rxc3 36. Rd3 Rxd3 37. Rxd3 Bc7 38. f4 Kf7 39. Rc3 Bxd7 40. Rxc7 Rh8+
41. Kg2 Ke6 42. Bf3 b5 43. axb6
1-0

[Event "ABAB    III"]
[Site "SchemingMind.com"]
[Date "2018.03.28"]
[Round "-"]
[White "Marc Wakeham"]
[Black "Andoni Zabala"]
[Result "0-1"]
[WhiteCountry "WLS"]
[BlackCountry "INT"]
[WhiteElo "1708"]
[WhiteRD "91"]
[BlackElo "1815"]
[BlackRD "98"]
[GameID "426342"]

1. e4 c5 2. c3 Nf6 3. e5 Nd5 4. d4 e6 5. Nf3 Nc6 6. Bc4 Nb6 7. Bb3 cxd4 8. cxd4 Bb4+ 9. Nc3 O-O 10. O-O d5
11. Bd2 Na5 12. Bc2 Nbc4 13. Bc1 Bxc3 14. bxc3 f5 15. Bd3 b5 16. a4 a6 17. axb5 axb5 18. Nd2 Bd7 19. Nxc4 bxc4 20. Bc2 Qc7
21. f4 Rfb8 22. Ba3 Qc8 23. Bb4 Nc6 24. Bd6 Rb2 25. Rxa8 Qxa8 26. Qc1 Rb7 27. Qd2 Nd8 28. Rc1 Nf7 29. Qd1 Nxd6 30. exd6 Qa3
31. Rb1 Rxb1 32. Qxb1 Qxc3 33. h3 Qxd4+ 34. Kh1 Qc5 35. Qb8+ Qc8 36. Qc7 Qxc7 37. dxc7 Kf7 38. Ba4 Bc8 39. Kg1 Ke7 40. Kf2 Kd6
0-1